| 000 | 00646cam a2200193 i 4500 | ||
|---|---|---|---|
| 005 | 20250728114126.0 | ||
| 020 | _a9781399818339 | ||
| 082 | _a956.04 ROS/I | ||
| 100 | 1 |
_aRoss, Stewart _98 |
|
| 245 | 1 | 4 |
_aThe Israeli-Palestinian conflict / _cby Stewart Ross. |
| 260 |
_a. - London _b: Teach yourself _c, 2024 |
||
| 300 |
_axx, 332 pages : _bmaps ; |
||
| 490 | 1 | _aTeach yourself | |
| 500 | _aOriginally published as: Teach yourself the Israeli-Palestinian conflict. 2007. | ||
| 504 | _aIncludes bibliographical references (pages 284-285) and index. | ||
| 650 | 0 |
_aArab-Israeli conflict. _99 |
|
| 700 | 1 |
_aRoss, Stewart. _98 |
|
| 942 |
_2ddc _cBK |
||
| 999 |
_c750615 _d750615 |
||